[Event "AUT-ch (Women)"]
[Site "Hartberg"]
[Date "2004.07.31"]
[Round "8"]
[White "Klinger, Michaela"]
[Black "Prager, Andrea"]
[Result "1-0"]
[WhiteElo "1698"]
[BlackElo "1454"]
[PlyCount "49"]
[EventDate "2004.07.??"]
[EventType "swiss"]
[EventRounds "9"]
[EventCountry "AUT"]
[SourceTitle "CBM 101 Extra"]
[Source "ChessBase"]
[SourceDate "2004.09.01"]
[SourceVersion "2"]
[SourceVersionDate "2004.09.01"]
[SourceQuality "1"]

1. e4 d6 2. d4 g6 3. c4 Bg7 4. Nc3 Nf6 5. Bf4 0-0 6. Qd2 c5 7. d5 e6 8. dxe6 Bxe6 9. Qxd6 Qxd6 10. Bxd6 Rc8 11. Bd3 b6 12. e5 Nh5 13. Nge2 Nc6 14. f4 Nd4 15. Rc1 Nxe2 16. Nxe2 Rd8 17. Be4 Rac8 18. Bb7 Bh6 19. Bxc8 Rxc8 20. g3 Ng7 21. Kf2 Nf5 22. Rhd1 Bf8 23. Bxf8 Kxf8 24. g4 Ne7 25. h3 1-0

[Event "AUT-ch (Women)"]
[Site "Hartberg"]
[Date "2004.07.29"]
[Round "6"]
[White "Almert, Margit"]
[Black "Prager, Andrea"]
[Result "1/2-1/2"]
[WhiteElo "1521"]
[BlackElo "1454"]
[PlyCount "21"]
[EventDate "2004.07.??"]
[EventType "swiss"]
[EventRounds "9"]
[EventCountry "AUT"]
[SourceTitle "CBM 101 Extra"]
[Source "ChessBase"]
[SourceDate "2004.09.01"]
[SourceVersion "2"]
[SourceVersionDate "2004.09.01"]
[SourceQuality "1"]

1. e4 Nf6 2. Nc3 d5 3. e5 d4 4. exf6 dxc3 5. fxe7 cxd2+ 6. Qxd2 Qxe7+ 7. Be2 Bg4 8. Qe3 Bxe2 9. Nxe2 Nc6 10. c3 0-0-0 11. 0-0 1/2-1/2